| 000 | 00000nam 2200000zi 4500 |
| 001 | 9.942915 |
| 003 | CaOODSP |
| 005 | 20250212105432 |
| 006 | m o d f |
| 007 | cr cn |||||||| |
| 008 | 240906t20242024nscbdo ob f000 0 fre d |
| 020 | |a9780660735313 |
| 040 | |aCaOODSP|bfre|erda|cCaOODSP |
| 043 | |an-cn-nk |
| 086 | 1 |aFs70-6/2024-051F-PDF |
| 245 | 00|aPoints de référence fondés sur l'habitat pour le gaspareau de la rivière Saint-Jean, en amont du barrage de Mactaquac. |
| 246 | 17|aPoints de référence fondés sur l'habitat pour le gaspareau de la rivière Saint-Jean |
| 264 | 1|aDartmouth (Nouvelle-Êcosse) : |bSecrétariat canadien des avis scientifiques : |bPêches et océans Canada, Région des Maritimes, Centre des avis scientifiques (CAS) : |bInstitut océanographique de Bedford, |c2024. |
| 264 | 4|c©2024 |
| 300 | |a1 ressource en ligne (13 pages) : |bcartes, graphiques, photographies. |
| 336 | |atexte|btxt|2rdacontent/fre |
| 337 | |ainformatique|bc|2rdamedia/fre |
| 338 | |aressource en ligne|bcr|2rdacarrier/fre |
| 490 | 1 |aAvis scientifique, |x1919-5117 ; |v2024/051 |
| 500 | |aTitre de départ. |
| 500 | |a« Octobre 2024. » |
| 500 | |aPublié aussi en anglais sous le titre : Habitat-based reference points for Saint John River alewife, upstream of the Mactaquac Dam. |
| 504 | |aComprend des références bibliographiques (pages 11-13). |
| 520 | |a« La construction du barrage de Mactaquac en 1967 a augmenté la quantité d'habitat de croissance accessible pour le gaspareau de la rivière Saint-Jean (Alosa pseudoharengus), ouvrant la voie à une expansion de la sous-unité du stock. La Direction de la gestion des ressources de Pêches et Océans Canada (MPO) a demandé un avis sur les points de référence pour la sous-unité de stock de gaspareau de la rivière Saint-Jean en amont du barrage de Mactaquac afin de l'aider à déterminer le potentiel d'expansion de la taille de cette sous-unité du stock » -- Contexte, page [1]. |
| 650 | 6|aGaspareau|xHabitat|zSaint-Jean, Bassin du (Maine et N.-B.) |
| 650 | 6|aGaspareau|xPêche commerciale|zSaint-Jean, Bassin du (Maine et N.-B.) |
| 710 | 2 |aSecrétariat canadien de consultation scientifique, |eorganisme de publication. |
| 710 | 1 |aCanada. |bMinistère des pêches et des océans. |bRégion des Maritimes, |eorganisme de publication. |
| 710 | 2 |aInstitut océanographique de Bedford, |eorganisme de publication. |
| 775 | 08|tHabitat-based reference points for Saint John River alewife, upstream of the Mactaquac Dam.|w(CaOODSP)9.942916 |
| 830 | #0|aAvis scientifique (Secrétariat canadien de consultation scientifique)|x1919-5117 ; |v2024/051.|w(CaOODSP)9.502624 |
| 856 | 40|qPDF|s614 Ko|uhttps://publications.gc.ca/collections/collection_2025/mpo-dfo/fs70-6/Fs70-6-2024-051-fra.pdf |